हिंदु कोडाचे कृष्ण कारस्थान (Record no. 398965)

MARC details
000 -LEADER
fixed length control field 00628nam a2200157Ia 4500
008 - FIXED-LENGTH DATA ELEMENTS--GENERAL INFORMATION
fixed length control field 100122s9999 xx 000 0 und d
082 ## - DEWEY DECIMAL CLASSIFICATION NUMBER
Item number 5748
Classification number 348.7454
100 ## - MAIN ENTRY--PERSONAL NAME
Personal name अप्रबुध्द
245 ## - TITLE STATEMENT
Title हिंदु कोडाचे कृष्ण कारस्थान
250 ## - EDITION STATEMENT
Edition statement 1
260 ## - PUBLICATION, DISTRIBUTION, ETC. (IMPRINT)
Name of publisher, distributor, etc राष्ट्रीय धर्मग्रंथ प्रकाशनालय
Date of publication, distribution, etc 1937
300 ## - PHYSICAL DESCRIPTION
Extent 94
630 ## - SUBJECT ADDED ENTRY--UNIFORM TITLE
Uniform title हिंदु कोडाचे कृष्ण कारस्थान
730 ## - ADDED ENTRY--UNIFORM TITLE
Uniform title हिंदु कोडाचे कृष्ण कारस्थान
942 ## - ADDED ENTRY ELEMENTS (KOHA)
Koha item type Book
Holdings
Withdrawn status Lost status Damaged status Not for loan Home library Current library Date acquired Cost, normal purchase price Total Checkouts Full call number Barcode Date last seen Cost, replacement price Price effective from Koha item type Public note
        S.V. Pathak Library, Vile Parle S.V. Pathak Library, Vile Parle 03/31/2008 3.00   5748 SVPPARLE-5748 01/25/2010 3.00 01/25/2010 Book General NA